|
|
|
|
| LEADER |
01426cam a2200373 a 4500 |
| 001 |
16998131 |
| 003 |
BD-DhAAL |
| 005 |
20150628102836.0 |
| 008 |
150628s2012 dcuab b 000 0 eng |
| 010 |
|
|
|a 2011041960
|
| 020 |
|
|
|a 9780821389126
|
| 020 |
|
|
|a 0821389122
|
| 020 |
|
|
|a 9780821389133 (electronic)
|
| 020 |
|
|
|a 0821389130 (electronic)
|
| 020 |
|
|
|a 9780821389126
|
| 040 |
|
|
|a DLC
|c DLC
|d YDX
|d YDXCP
|d BTCTA
|d BWX
|d STF
|d DLC
|d BD-DhAAL
|
| 050 |
0 |
0 |
|a HD5812.57.A6
|b M67 2012
|
| 082 |
0 |
0 |
|a 331.120954
|2 23
|
| 245 |
0 |
0 |
|a More and better jobs in South Asia /
|c Reema Nayar ... [et al.].
|
| 260 |
|
|
|a Washington, D.C. :
|b World Bank,
|c c2012.
|
| 300 |
|
|
|a xxiv, 326 p. :
|b col. ill., col. map ;
|c 27 cm.
|
| 490 |
1 |
|
|a South asia development matters
|
| 504 |
|
|
|a Includes bibliographical references.
|
| 541 |
|
|
|e 29088
|
| 650 |
|
0 |
|a Labor market
|z South Asia.
|9 12552
|
| 650 |
|
0 |
|a Labor policy
|z South Asia.
|9 12553
|
| 650 |
|
0 |
|a Employment
|z South Asia.
|9 12554
|
| 651 |
|
0 |
|a South Asia
|x Economic policy.
|9 10835
|
| 651 |
|
0 |
|a South Asia
|x Economic conditions.
|9 10834
|
| 700 |
1 |
|
|a Nayar, Reema,
|d 1963-
|9 12555
|
| 830 |
|
0 |
|a South Asia development matters.
|9 12556
|
| 942 |
|
|
|2 ddc
|c BK
|
| 999 |
|
|
|c 34865
|d 34865
|
| 952 |
|
|
|0 0
|1 0
|2 ddc
|4 0
|6 331_120954000000000_MOR
|7 0
|9 54569
|a BRACUL
|b BRACUL
|c GEN
|d 2015-06-28
|e Professor Ziauddin of BRAC University
|l 1
|m 3
|o 331.120954 MOR
|p 3010029088
|r 2024-01-04
|s 2023-10-18
|t 1
|w 2015-06-28
|y BK
|